| 000 | 00754nam a2200241 a 4500 | ||
|---|---|---|---|
| 005 | 20210223123756.0 | ||
| 008 | 991125n 000 0 spa u | ||
| 035 | _aUPN01000062571 | ||
| 100 | 1 |
_aTourón Figueroa, Javier, _d1951- _932046 |
|
| 222 | _aREVISTA ESPAÑOLA DE PEDAGOGIA | ||
| 245 | _aLa aceleración como estrategia educativa para alumnos de alta capacidad académica : concepto, modalidades y evaluación de resultados | ||
| 300 | _a5-39 | ||
| 362 | 0 | _a1996 Año 54, no. 203, ene.-abr. | |
| 653 | 0 | _aALUMNO EXCEPCIONAL | |
| 653 | 0 | _aAPRENDIZAJE | |
| 653 | 0 | _aEDUCACION ESPECIAL | |
| 700 | 1 | _aPeralta, Felisa, | |
| 700 | 1 | _ecoaut. | |
| 700 | 1 | _aReparaz, Charo, | |
| 700 | 1 | _ecoaut. | |
| 904 |
_aAC _b000382 |
||
| 905 | _aArticulo | ||
| 999 |
_c61791 _d61791 |
||